000 00951nam a2200301 a 4500
001 vtls001439081
003 NLI
005 20210627122022.0
008 121130s1992 ii 000 0 eng
039 9 _y201211301646
_zVLOAD
040 _aNLI
_beng
_cDatasoft_GENG
_eAACR2
041 0 _aeng
044 _aii
082 0 4 _a338.95482
100 0 _aPadmini Swaminathan
_91003599
245 1 0 _aTechnical education and industrial development in the Madras Presidency /
_cby Padmini Swaminathan
260 _aMadras :
_bMadras Institute of Development Studies,
_c1992
300 _a85 p. ;
_c28 cm.
440 0 _aWorking paper ;
_v106
_9682433
650 0 _aTechnical education
_zIndia
_zMadras
_9898904
650 0 _aIndustries
_zIndia
_zMadras
_9889072
887 _a
901 _aDB622778
_b31.08.1992
902 _aE/O 338.95482 P 136
904 _l2563
949 _AVIRTUAITEM
_D10000
_X100
_6DBA000622778ENG
942 _2ddc
_cBKS
999 _aVIRTUA40
_c891772
_d891772